<?xml version="1.0" encoding="UTF-8"?>
<collection xmlns="http://www.loc.gov/MARC21/slim">
 <record>
  <leader>01672cas a2200229 a 4500</leader>
  <controlfield tag="001">AALejournalIMF005299</controlfield>
  <controlfield tag="008">230101c9999    xx  r poo     0    0eng d</controlfield>
  <datafield tag="020" ind1=" " ind2=" ">
   <subfield code="z">9781451974911</subfield>
  </datafield>
  <datafield tag="022" ind1=" " ind2=" ">
   <subfield code="a">2227-8915</subfield>
  </datafield>
  <datafield tag="040" ind1=" " ind2=" ">
   <subfield code="a">BD-DhAAL</subfield>
   <subfield code="c">BD-DhAAL</subfield>
  </datafield>
  <datafield tag="110" ind1="2" ind2=" ">
   <subfield code="a">International Monetary Fund.</subfield>
  </datafield>
  <datafield tag="245" ind1="1" ind2="0">
   <subfield code="a">International Monetary Fund Annual Report 2008 : </subfield>
   <subfield code="b">Financial Statements.</subfield>
  </datafield>
  <datafield tag="264" ind1=" " ind2="1">
   <subfield code="a">Washington, D.C. :</subfield>
   <subfield code="b">International Monetary Fund,</subfield>
   <subfield code="c">2008.</subfield>
  </datafield>
  <datafield tag="300" ind1=" " ind2=" ">
   <subfield code="a">1 online resource (89 pages)</subfield>
  </datafield>
  <datafield tag="490" ind1="1" ind2=" ">
   <subfield code="a">Annual Report of the Executive Board</subfield>
  </datafield>
  <datafield tag="500" ind1=" " ind2=" ">
   <subfield code="a">&lt;strong&gt;Off-Campus Access:&lt;/strong&gt; No User ID or Password Required</subfield>
  </datafield>
  <datafield tag="500" ind1=" " ind2=" ">
   <subfield code="a">&lt;strong&gt;On-Campus Access:&lt;/strong&gt; No User ID or Password Required</subfield>
  </datafield>
  <datafield tag="506" ind1=" " ind2=" ">
   <subfield code="a">Electronic access restricted to authorized BRAC University faculty, staff and students</subfield>
  </datafield>
  <datafield tag="520" ind1="3" ind2=" ">
   <subfield code="a">The Annual Report 2008 to the Board of Governors reviews the IMF's activities and policies during the financial year (May 1, 2007, through April 30, 2008). There are five chapters: (1) Overview: Refocusing the IMF; (2) Developments in the Global Economy and Financial Markets; (3) Fostering Macroeconomic and Financial Stability and Growth Through Surveillance; (4) Program Support and Capacity Building; and (5) Governance, Organization, and Finances. The full financial statements for the year, other appendixes, and materials supplementing the text are provided on a CD-ROM.</subfield>
  </datafield>
  <datafield tag="538" ind1=" " ind2=" ">
   <subfield code="a">Mode of access: Internet</subfield>
  </datafield>
  <datafield tag="830" ind1=" " ind2="0">
   <subfield code="a">Annual Report of the Executive Board; Annual Report of the Executive Board ;</subfield>
   <subfield code="v">No. 2008/002</subfield>
  </datafield>
  <datafield tag="856" ind1="4" ind2="0">
   <subfield code="z">Full text available on IMF</subfield>
   <subfield code="u">http://elibrary.imf.org/view/books/011/09528-9781451974911-en/09528-9781451974911-en-book.xml</subfield>
   <subfield code="z">IMF e-Library</subfield>
  </datafield>
 </record>
</collection>
